| 000 | 00350 a2200121 4500 | ||
|---|---|---|---|
| 001 | 92730 | ||
| 082 | _a515/CHA | ||
| 090 |
_c44545 _d44546 |
||
| 100 | _aMuhammad Amin Chaudary,Muhammad Sharif Ghaury,Muhammad Khalid Saleem | ||
| 245 | _aCalculus and Analytic Geometry Mathematics 12 | ||
| 260 |
_aLahore _bZaman Art Press _c2015 |
||
| 300 | _a394p. | ||
| 942 |
_aCAE NUST _cHS _k515/CHA |
||
| 999 |
_c327803 _d327803 |
||